DAS SOGENANNTE BOSE: ZUR NATURGESCHICHTE DER AGGRESSION/
I tiakina i:
| Kaituhi matua: | |
|---|---|
| Hōputu: | Pukapuka |
| Ngā marau: | |
| Ngā Tūtohu: |
Kāore He Tūtohu, Me noho koe te mea tuatahi ki te tūtohu i tēnei pūkete!
|
MARC
| LEADER | 00000nam^a2200000^a^4500 | ||
|---|---|---|---|
| 001 | 000217223 | ||
| 005 | 20250521000000.0 | ||
| 009 | 20260310103714.912 | ||
| 035 | |a 027688 | ||
| 037 | |a Acervo Xavier Clavigero | ||
| 082 | |a 152. 47 LOR | ||
| 100 | |a Lorenz, Konrad |e (autor) | ||
| 245 | 1 | 4 | |a DAS SOGENANNTE BOSE: |b ZUR NATURGESCHICHTE DER AGGRESSION/ |c KONRAD LORENZ |
| 264 | |a AUSTRIA : |b SCHOELER, |c 1963 | ||
| 300 | |a 391p. | ||
| 336 | |a texto |b txt |2 rdacontenido | ||
| 337 | |a sin mediación |b n |2 rdamedio | ||
| 338 | |a volumen |b nc |2 rdasoporte | ||
| 649 | |a XX | ||
| 650 | |a Agresividad | ||
| 650 | |a Impulso | ||
| 910 | |a Fondo General | ||
| 920 | |a Impresos - Libros | ||
| 930 | |a Colección General | ||
| 905 | |a 101 | ||
| 901 | |a 027688 |b IT1 |c ACC |i 027688 |u 20250521 | ||
| 902 | |a https://opac.biblio.iteso.mx/vufind/Record/000217223 | ||